000 nam a22 a 4500
999 _c447618
_d447618
003 BLK
005 20220308140822.0
008 180409b bul|||||r ||||||| ||bul||
010 _aKNG00105577000
040 _aBLK
041 _aBUL
_cBUL
080 _aБългарска литература
_b821.163.2
_x-8(062)
_z821.163.2-8(062)
139 _aЛитературен сборник
_bЛ 69
245 1 0 _aЛитературен сборник
_bГимназия "Баба Тонка" 1864 - 1989
_h[Малотир. изд.]
257 _aBGR
260 _aРусе
_bб. и.
_c1989
_9441842
300 _a54 с.
_c20 см
380 _aX
852 _bК
_cК 821.163.2/Л 69
856 4 _qpdf
856 4 _qpdf
942 _cKNG
_n0
_s1
944 _aCR
_c2022-03-08
_kВЙ